header

Molecular cell biology / (Record no. 265139)

MARC details
000 -LEADER
fixed length control field 01330cam a2200373 a 4500
001 - CONTROL NUMBER
control field 3487154
003 - CONTROL NUMBER IDENTIFIER
control field OSt
005 - DATE AND TIME OF LATEST TRANSACTION
control field 20251112120249.0
008 - FIXED-LENGTH DATA ELEMENTS--GENERAL INFORMATION
fixed length control field 940622s1995 nyua b 001 0 eng
010 ## - LIBRARY OF CONGRESS CONTROL NUMBER
LC control number 94022376
020 ## - INTERNATIONAL STANDARD BOOK NUMBER
International Standard Book Number 0716723808
International Standard Book Number 9780716723806
035 ## - SYSTEM CONTROL NUMBER
System control number 3487154
040 ## - CATALOGING SOURCE
Original cataloging agency DLC
Transcribing agency DLC
Modifying agency DLC
050 00 - LIBRARY OF CONGRESS CALL NUMBER
Classification number QH581.2
Item number .D37 1995
082 00 - DEWEY DECIMAL CLASSIFICATION NUMBER
Classification number 574.87/6042
Edition number 20
245 00 - TITLE STATEMENT
Title Molecular cell biology /
Statement of responsibility, etc Harvey Lodish ... [et al.].
250 ## - EDITION STATEMENT
Edition statement 3rd ed.
260 ## - PUBLICATION, DISTRIBUTION, ETC. (IMPRINT)
Place of publication, distribution, etc New York :
Name of publisher, distributor, etc Scientific American Books :
-- Distributed by W.H. Freeman and Co.,
Date of publication, distribution, etc c1995.
300 ## - PHYSICAL DESCRIPTION
Extent 1 v. (various pagings) :
Other physical details ill. (some col.) ;
Dimensions 29 cm.
336 ## - CONTENT TYPE
Content type term text
Content type code txt
Source rdacontent
337 ## - MEDIA TYPE
Media type term unmediated
Media type code n
Source rdamedia
338 ## - CARRIER TYPE
Carrier type term volume
Carrier type code nc
Source rdacarrier
500 ## - GENERAL NOTE
General note Second edition's main entry under the heading for Darnell.
504 ## - BIBLIOGRAPHY, ETC. NOTE
Bibliography, etc Includes bibliographical references and index.
650 #0 - SUBJECT ADDED ENTRY--TOPICAL TERM
Topical term or geographic name as entry element Cytology.
Topical term or geographic name as entry element Molecular biology.
700 1# - ADDED ENTRY--PERSONAL NAME
Personal name Lodish, Harvey F.
Personal name Darnell, James E.
906 ## - LOCAL DATA ELEMENT F, LDF (RLIN)
a 7
b cbc
c orignew
d 1
e ocip
f 19
g y-gencatlg
942 ## - ADDED ENTRY ELEMENTS (KOHA)
Source of classification or shelving scheme Library of Congress Classification
Koha item type Long Loan Books
Holdings
Withdrawn status Lost status Source of classification or shelving scheme Damaged status Not for loan Collection code Home library Current library Shelving location Date acquired Source of acquisition Total Checkouts Full call number Barcode Date last seen Price effective from Koha item type
    Library of Congress Classification     Non-fiction Rongo University Library Rongo University Library General Stacks 12/11/2025 Books for Africa (Donation)   QH581.2 .D37 1995 20260463 12/11/2025 12/11/2025 Long Loan Books

© 2026 Rongo University
Contact us: librarian | system librarian | Rongo university